00556nam a2200193 a 4500001001300000003000900013005001700022008004100039020002400080082001500104100002200119245007800141260003300219300000900252500003500261505001800296650002600314700002200340nice12345678IN_TiNIC20260116014109.0070412s1988 dela grp 000 0 eng  a185649618X c112500a305.3bCOC aCockburn, Cynthia aSpace Between Usb Negotiating Gender and National Identities in Conflict aDelhibKali for Women c1988 a247p aincludes index and biblioraphy2 abiblio, index aGender Discrimination1 aCockburn, Cynthia